000 00479nam a2200181Ia 4500
005 20250508152523.0
008 008 250505s9999 xx 000 0 eng d
037 _aTextual
040 _aFEDL
_beng
_cFEDL
041 _aeng
_2eng
084 _a371.42, SWE
_qFEDL
245 0 _aVocational education in Sweden
245 0 _cRoyal Board of Vocational Education
260 _c1952
300 _a47p.
942 _cTEXL
_h371.42, SWE
999 _c1336963
_d1336963